| 000 | 00427nam a2200157 a 4500 | ||
|---|---|---|---|
| 005 | 20140412111411.0 | ||
| 008 | 070216s19uu xx 00 eng d | ||
| 020 | _a1-58925-365-5 | ||
| 050 |
_aTR(PS E _bDo65 1997 |
||
| 100 | _aSykes, Julie | ||
| 245 |
_aDora's eggs / _cJulie Sykes. |
||
| 260 |
_aGreat britain : _bTiger tales, _c1997. |
||
| 650 | _aChick's - fiction | ||
| 650 | _aAnimals(Farm) - Fiction | ||
| 999 |
_c105692 _d105692 |
||